[Event "IND-ch U11 30th"]
[Site "India"]
[Date "2016.06.30"]
[Round "4"]
[White "Mullick, Raahil"]
[Black "Sriram, B."]
[Result "1-0"]
[WhiteElo "1800"]
[BlackElo "1570"]
[PlyCount "75"]
[EventDate "2016.06.28"]
[EventType "swiss"]
[EventRounds "11"]
[EventCountry "IND"]
[SourceTitle "CBM 173 Extra"]
[Source "ChessBase"]
[SourceDate "2016.08.29"]
[SourceVersion "1"]
[SourceVersionDate "2016.08.29"]
[SourceQuality "1"]

1. e4 d5 2. exd5 Nf6 3. d4 Nxd5 4. c4 Nb6 5. Nc3 g6 6. Be2 Bg7 7. Nf3 0-0 8. 0-0 Nc6 9. d5 Ne5 10. c5 Nxf3+ 11. Bxf3 Nc4 12. g3 Rb8 13. Be2 Ne5 14. Be3 Bh3 15. Re1 h5 16. Bd4 e6 17. Bxh5 gxh5 18. Bxe5 f6 19. Qxh5 fxe5 20. Qxh3 exd5 21. Qe6+ Kh8 22. Nxd5 Re8 23. Qh3+ Kg8 24. Rad1 c6 25. Ne3 Qa5 26. Nf5 Rbd8 27. Nxg7 Kxg7 28. Qg4+ Kf6 29. Qh4+ Kf7 30. b4 Rxd1 31. Rxd1 Qxa2 32. Rd7+ Ke6 33. Qg4+ Kf6 34. Qg7+ Kf5 35. Qh7+ Kg4 36. Qe4+ Kg5 37. Rg7+ Kf6 38. Qg6# 1-0

[Event "Mumbai Wealth op U13"]
[Site "Mumbai"]
[Date "2016.01.28"]
[Round "1"]
[White "Sriram, B."]
[Black "Riddhika, Kotia"]
[Result "1-0"]
[WhiteElo "1596"]
[BlackElo "1072"]
[PlyCount "67"]
[EventDate "2016.01.28"]
[EventType "swiss"]
[EventRounds "9"]
[EventCountry "IND"]
[SourceTitle "CBM 170 Extra"]
[Source "ChessBase"]
[SourceDate "2016.02.25"]
[SourceVersion "1"]
[SourceVersionDate "2016.02.25"]
[SourceQuality "1"]

1. e4 d5 2. exd5 Qxd5 3. Nc3 Qd8 4. d4 Nf6 5. Bc4 Bf5 6. Nf3 e6 7. Be3 Bb4 8. Bd2 Nbd7 9. a3 Bd6 10. h3 c5 11. 0-0 0-0 12. dxc5 Nxc5 13. Nh4 Be4 14. g4 Bc6 15. b4 Nce4 16. Nxe4 Nxe4 17. Nf3 Nxd2 18. Nxd2 Bf4 19. Nb3 Qh4 20. Qd3 Rfd8 21. Qc3 Rac8 22. Na5 Bd5 23. b5 b6 24. Nc6 Bxc4 25. Qxc4 Qxh3 26. Qxf4 Rd7 27. Rad1 Rdc7 28. Qxc7 Qxg4+ 29. Qg3 Qc4 30. Ne7+ Kf8 31. Nxc8 Qxc8 32. Qd6+ Kg8 33. Qd8+ Qxd8 34. Rxd8# 1-0